Words with different spellings - Statistics

General Stats
  • This quiz has been taken 46 times
  • The average score is 12 of 17
Answer Stats
First Spelling Other spelling % Correct
Color Colour
100%
Grey Gray
95%
Center Centre
90%
Honor Honour
90%
Theatre Theater
88%
Favorite Favourite
85%
Doughnut Donut
83%
Realize Realise
83%
Adviser Advisor
73%
Ambience Ambiance
71%
Acknowledgment Acknowledgement
68%
Adapter Adaptor
68%
Enroll Enrol
63%
Caliber Calibre
56%
Enclose Inclose
54%
Counselor Counsellor
41%
Furor Furore
17%
No matching quizzes found
Score Distribution
Percent of People with Each Score
Percentile by Number Answered
Your Score History
You have not taken this quiz